African Review of Foreign Policy (Record no. 1954)
[ view plain ]
| 000 -LEADER | |
|---|---|
| fixed length control field | 00298nam a22001217a 4500 |
| 008 - FIXED-LENGTH DATA ELEMENTS--GENERAL INFORMATION | |
| fixed length control field | 230621b xxu||||| |||| 00| 0 eng d |
| 082 ## - DEWEY DECIMAL CLASSIFICATION NUMBER | |
| Classification number | 327.6 |
| Item number | USI 2001 |
| 245 ## - TITLE STATEMENT | |
| Title | African Review of Foreign Policy |
| 260 ## - PUBLICATION, DISTRIBUTION, ETC. (IMPRINT) | |
| Place of publication, distribution, etc. | Nairobi |
| Name of publisher, distributor, etc. | USIU |
| Date of publication, distribution, etc. | 2001 |
| 300 ## - PHYSICAL DESCRIPTION | |
| Extent | 64p |
| 440 ## - SERIES STATEMENT/ADDED ENTRY--TITLE | |
| Number of part/section of a work | 2 |
| Volume/sequential designation | 3 |
| International Standard Serial Number | 15615308 |
| 942 ## - ADDED ENTRY ELEMENTS (KOHA) | |
| Source of classification or shelving scheme | Dewey Decimal Classification |
| Koha item type | Books |
| Withdrawn status | Lost status | Source of classification or shelving scheme | Damaged status | Not for loan | Home library | Current library | Date acquired | Total Checkouts | Full call number | Barcode | Date last seen | Price effective from | Koha item type |
|---|---|---|---|---|---|---|---|---|---|---|---|---|---|
| Dewey Decimal Classification | County Hall Archives | County Hall Archives | 06/21/2023 | 327.6 USI 2001 | 1000892 | 06/21/2023 | 06/21/2023 | Books | |||||
| Dewey Decimal Classification | County Hall Archives | County Hall Archives | 06/21/2023 | 327.6 USI 2001 | 1000891 | 06/21/2023 | 06/21/2023 | Books | |||||
| Dewey Decimal Classification | County Hall Archives | County Hall Archives | 06/21/2023 | 327.6 USI 2001 | 1000890 | 06/21/2023 | 06/21/2023 | Books |
